Logo BPK

Biblioteka

Politechniki Koszalińskiej

An encyclopedia of modern American humor / (Rekord nr 48623)

Szczegóły MARC
000 -ETYKIETA REKORDU
podpole kontrolne o stałej długości 00589nam a2200181 i 4500
001 - NUMER KONTROLNY REKORDU
pole kontrolne bgj
040 ## - ŹRÓDŁO KATALOGOWANIA
Instytucja, która utworzyła rekord BPK
041 0# - KOD JĘZYKA
Kod języka tekstu eng
008 - POLE O STAŁEJ DŁUGOŚCI - DANE KONTROLNE
podpole kontrolne o stałej długości s uk f |000 0 eng
245 00 - TYTUŁ/ODPOWIEDZIALNOŚĆ
Tytuł An encyclopedia of modern American humor /
Pozostałe elementy strefy tytułu i oznaczenia odpowiedzialności edited by Benett Cerf ; drawings by Doug Anderson.
260 ## - STREFA ADRESU WYDAWNICZEGO
Miejsce wydania Garden City :
Nazwa wydawcy/dystrybutora Doubleday & Company, Inc.,
Data publikacji, dystrybucji/powstania dokumentu 1954
Miejsce wydania New York.
300 ## - STREFA OPISU FIZYCZNEGO
Objętość XVI, 688 pp :
Inne cechy fizyczne drawings ;
Rozmiary 22 cm.
650 #9 - HASŁO PRZEDMIOTOWE W FORMIE NAZWY OGÓLNEJ LUB JEDNOSTKOWEJ
Nazwa ogólna lub geograficzna American wit and humor
650 #9 - HASŁO PRZEDMIOTOWE W FORMIE NAZWY OGÓLNEJ LUB JEDNOSTKOWEJ
Nazwa ogólna lub geograficzna Humorous stories, American
700 1# - HASŁO DODATKOWE - NAZWA OSOBOWA
Nazwa osobowa CERF, Bennett
Daty związane z nazwą (1898-1971).
Określenie związku między hasłem a opisywanym materiałem Red.
700 1# - HASŁO DODATKOWE - NAZWA OSOBOWA
Nazwa osobowa ANDERSON, Doug.
Określenie związku między hasłem a opisywanym materiałem ill.
856 ## - LOKALIZACJA I DOSTĘP DO ELEKTRONICZNYCH DOKUMENTÓW ZDALNYCH
Link (URL) http://koha.tu.koszalin.pl/cgi-bin/koha/opac-detail.pl?biblionumber=48623
Tekst linku Katalog online BPK
942 ## - DODATKOWE ELEMENTY (KOHA)
Typ dokumentu Książka
Egzemplarze
Wycofany Status egzemplarza Uszkodzony Dostępność Lokalizacja stała Lokalizacja bieżąca Miejsce przechowywania Sygnatura Kod kreskowy Typ dokumentu
      Dostępny Biblioteka Politechniki Koszalińskiej Biblioteka Politechniki Koszalińskiej Wypożyczalnia Językowa KA 5923 09053038 Książka
© 2023 Biblioteka Politechniki Koszalińskiej :: KOHA